000 00505nam a2200169Ia 4500
008 190509s9999 xx 000 0 und d
100 _aHaseltine, Eric
245 _aExtraordinary feats your brain can perform/
245 _cEric Haseltine
260 _bSussex Publisher
260 _c2018
300 _aPages 54-64, November/December 2018
440 _aPsychology Today: 7 amazing things your mind can do
_v1/2/1900 3:06:00 AM
650 _abrain
650 _alearning
650 _amental health
999 _c361800
_d361800